00333nam a2200133Ia 450000500170000000800410001702000150005808200130007310000170008624500280010326000270013130000120015850000290017020250704011659.0240331s9999 xx 000 0 und d a9559660306 bGUNa954 aGunasekara,S 0aSinhalay maha pawadeema bAuthor Statementc1998 a38 p ., aSinhala's Great Betrayal